00669nam a2200181 a 4500008004100000020001500041050001800056100002300074245006500097260005200162300003000214350000900244500013400253650002400387650003900411650002100450650001600471060316s1975 ||||||||||||||||| || u a0132144786 aTK 7888.4 Boy aBoyce, Jefferson C10aDigital logic and switching circuits: operation and analysis aEnglewood Cliffs, N.J.:bFT Prentice-Hallc1975 axii, 526 p.: ill.; 24 cm. a0.00 aRev. ed. published as: Digital logic. 2nd ed. 1982. -Includes index. -Bibliography: p. 515-516. 9 copies in Electrical Department 0aDIGITAL ELECTRONICS aLOGIC, SYMBOLICAL AND MATHEMATICAL aSWITCHING THEORY aENGINEERING